| 000 | 01065cam a22002774a 4500 | ||
|---|---|---|---|
| 005 | 20250605164042.0 | ||
| 008 | 250528s ||||||||||||||||||||||||d | ||
| 035 | _a17030 | ||
| 020 | _a631149813 | ||
| 040 |
_aGR-AtMCL _bgre _dGR-AtMCL _eAACR2 |
||
| 245 | 1 | _aStates and Societies | |
| 260 |
_bBlackwell, _c1994 |
||
| 300 | _a630 | ||
| 520 | _aThis book provides a comprehensive selection of the major writings in the field. Preface, Introduction: Central Perspectives on the Modern State, Classic Conceptions of the State, The Formation of Modern States, Citizenship and Society and the State, The State and the Economy, Power and Legitimacy and the State, Nation-States in the World Context, Future Directions for the State, Index. | ||
| 700 | 1 |
_aAnderson James _93159 |
|
| 700 | 1 |
_aGieben Bram _93145 |
|
| 700 | 1 |
_aHall Stuart _9686 |
|
| 700 | 1 |
_aHarris Laurence _93160 |
|
| 700 | 1 |
_aHeld David _9687 |
|
| 700 | 1 |
_aLewis Paul _93137 |
|
| 700 | 1 |
_aParker Noel _93161 |
|
| 700 | 1 |
_aTurok Ben _93162 |
|
| 942 | _cBK | ||
| 999 |
_c2470 _d2470 |
||